[Event "4NCL/Div3/FCA1 vs. SLOS3"]
[Site "Wokefield Park ENG"]
[Date "2007.03.03"]
[Round "7.3"]
[White "Macdonald-Ross, Michael"]
[Black "Sparkes, Daniel A"]
[Result "1-0"]
[WhiteElo "2143"]
[BlackElo "2015"]
[PlyCount "65"]
[EventDate "2007.03.03"]

1. d4 Nf6 2. Nf3 e6 3. e3 b6 4. Bd3 d5 5. O-O c5 6. b3 Nc6 7. Bb2 Be7 8. Nbd2
Nb4 9. Be2 Ba6 10. c4 O-O 11. a3 Nc6 12. Ne5 Nxe5 13. dxe5 Nd7 14. f4 f5 15. g4
dxc4 16. gxf5 exf5 17. bxc4 Bb7 18. Bf3 Qc7 19. Bd5+ Kh8 20. Qf3 Rab8 21. a4 g5
22. Qh5 gxf4 23. exf4 Bxd5 24. cxd5 Rg8+ 25. Kh1 Qb7 26. Qf3 Rg7 27. d6 Qxf3+
28. Nxf3 Bd8 29. Rg1 h6 30. Rxg7 Kxg7 31. e6+ Bf6 32. Rg1+ Kh7 33. Ne5 1-0

[Event "4NCL/Div3/FCA1 vs. SLOS3"]
[Site "Wokefield Park ENG"]
[Date "2007.03.03"]
[Round "7.5"]
[White "Reuben, Stewart"]
[Black "de Coverly, Roger"]
[Result "1/2-1/2"]
[WhiteElo "2140"]
[BlackElo "2092"]
[PlyCount "116"]
[EventDate "2007.03.03"]

1. c4 b6 2. e4 e6 3. Nc3 Bb7 4. d3 g6 5. f4 Bg7 6. Nf3 Ne7 7. Be2 d6 8. Be3 Nd7
9. Qd2 a6 10. O-O c5 11. d4 Qc7 12. Rad1 Nf6 13. d5 exd5 14. cxd5 Ng4 15. a4
O-O 16. h3 Nxe3 17. Qxe3 Rfe8 18. Qf2 Bc8 19. g4 Bd7 20. Qh4 c4 21. f5 f6 22.
g5 Rf8 23. Nd4 Qc5 24. gxf6 Bxf6 25. Qf2 gxf5 26. Nxf5 Qxf2+ 27. Rxf2 Nxf5 28.
exf5 Bxc3 29. bxc3 Rxf5 30. Rxf5 Bxf5 31. Bxc4 Re8 32. Rd4 Bxh3 33. Bxa6 Ra8
34. Bb7 Ra7 35. Bc6 Bc8 36. Rb4 Ra6 37. Re4 Kf7 38. Re8 Bf5 39. Rb8 Kf6 40. Bb5
Ra7 41. Rxb6 Ke5 42. Bc6 Be4 43. Rb8 Re7 44. Kf2 Rf7+ 45. Ke2 Re7 46. Rb5 h5
47. c4 Kd4 48. Rb7 Bd3+ 49. Kf2 Re2+ 50. Kg3 Bxc4 51. Rh7 Re5 52. Kh4 Bxd5 53.
Bxd5 Rxd5 54. Rxh5 Rxh5+ 55. Kxh5 Kc4 56. Kg4 d5 57. a5 Kb5 58. Kf4 Kxa5
1/2-1/2

[Event "4NCL/Div3/FCA1 vs. SLOS3"]
[Site "Wokefield Park ENG"]
[Date "2007.03.03"]
[Round "7.6"]
[White "Makepeace, Philip J"]
[Black "Smith, Graham"]
[Result "1/2-1/2"]
[WhiteElo "1947"]
[BlackElo "2133"]
[PlyCount "50"]
[EventDate "2007.03.03"]

1. e4 e5 2. Nf3 Nc6 3. d4 exd4 4. Nxd4 Bc5 5. Be3 Qf6 6. c3 Nge7 7. g4 O-O 8.
g5 Qg6 9. Bg2 Bxd4 10. cxd4 d5 11. Nc3 dxe4 12. d5 Ne5 13. Bxe4 Bf5 14. f3 Nc4
15. Bc5 Nd6 16. Bxd6 Qxd6 17. Qd2 Bxe4 18. fxe4 c6 19. O-O-O cxd5 20. exd5 Rac8
21. Kb1 a6 22. Ka1 Rfd8 23. Qg2 Nf5 24. Ne4 Qg6 25. Qf3 Nd6 1/2-1/2

[Event "4NCL/Div3/FCA1 vs. SLOS3"]
[Site "Wokefield Park ENG"]
[Date "2007.03.03"]
[Round "7.7"]
[White "Habershon, Paul"]
[Black "Willis, Rupert"]
[Result "1-0"]
[WhiteElo "2095"]
[BlackElo "1870"]
[PlyCount "83"]
[EventDate "2007.03.03"]

1. e4 d6 2. d4 Nf6 3. Nc3 g6 4. Nf3 Bg7 5. h3 O-O 6. Be3 a6 7. a4 Nc6 8. Be2 e5
9. O-O Bd7 10. Qd2 exd4 11. Nxd4 Nxd4 12. Bxd4 c5 13. Be3 Bc6 14. f3 Qb6 15.
Rab1 Qc7 16. Rfd1 Rad8 17. Bc4 Rfe8 18. Qf2 Rd7 19. Rd2 Qa5 20. Rbd1 Qb4 21.
Bd5 Qxb2 22. Rd3 Qb6 23. Qd2 Qa5 24. Bxc6 bxc6 25. Nd5 Qxa4 26. Nb6 Qb5 27.
Nxd7 Nxd7 28. Rxd6 Nf8 29. Rd8 Rxd8 30. Qxd8 a5 31. Qd3 Ne6 32. f4 c4 33. Qd7
Qb2 34. f5 Nf8 35. Qd2 a4 36. Bd4 Bxd4+ 37. Qxd4 Qxc2 38. f6 h5 39. Qd2 Qxe4
40. Qh6 Ne6 41. Rd8+ Nxd8 42. Qg7# 1-0

[Event "4NCL/Div3/BRJ vs. WES2"]
[Site "Wokefield Park ENG"]
[Date "2007.03.03"]
[Round "7.1"]
[White "Headlong, Timothy"]
[Black "Tunks, Dominic"]
[Result "1-0"]
[WhiteElo "2211"]
[BlackElo "2115"]
[PlyCount "27"]
[EventDate "2007.03.03"]
[EventType "team"]
[EventRounds "11"]
[EventCountry "ENG"]

1. c4 Nf6 2. Nc3 e6 3. Nf3 b6 4. e4 Bb7 5. Bd3 Na6 6. Bc2 Bb4 7. Qe2 d6 8. Ba4+
Nd7 9. d4 e5 10. Bg5 Qc8 11. O-O O-O 12. Nd5 Bxd5 13. cxd5 exd4 14. Bxd7 1-0

[Event "4NCL/Div3/BRJ vs. WES2"]
[Site "Wokefield Park ENG"]
[Date "2007.03.03"]
[Round "7.2"]
[White "Clark, Ian C"]
[Black "Richmond, Peter A"]
[Result "0-1"]
[WhiteElo "2123"]
[BlackElo "2238"]
[PlyCount "68"]
[EventDate "2007.03.03"]
[EventType "team"]
[EventRounds "11"]
[EventCountry "ENG"]

1. e4 c5 2. Nf3 Nc6 3. d4 cxd4 4. Nxd4 Nf6 5. Nc3 e5 6. Ndb5 d6 7. Bg5 a6 8.
Bxf6 gxf6 9. Na3 f5 10. Bd3 Rg8 11. g3 Nd4 12. Nd5 fxe4 13. Bxe4 Bg4 14. f3 f5
15. fxg4 fxe4 16. Nc4 Nf3+ 17. Kf2 Rxg4 18. Ncb6 Rb8 19. c3 Bh6 20. h3 Rg6 21.
Qa4+ Kf7 22. Qxe4 Ng5 23. Qf5+ Kg7 24. Kg2 Ne6 25. Kh2 Qe8 26. Rhf1 Qb5 27.
Qf7+ Kh8 28. Nf6 Bg7 29. Qxe6 Qxb2+ 30. Kh1 Qxb6 31. Rad1 Qc6+ 32. Kh2 Qxc3 33.
g4 Rxf6 34. Rxf6 Qc2+ 0-1

[Event "4NCL/Div3/BRJ vs. WES2"]
[Site "Wokefield Park ENG"]
[Date "2007.03.03"]
[Round "7.4"]
[White "Pleasants, Allan J"]
[Black "Haydon, Richard"]
[Result "1-0"]
[WhiteElo "2075"]
[BlackElo "2203"]
[PlyCount "109"]
[EventDate "2007.03.03"]
[EventType "team"]
[EventRounds "11"]
[EventCountry "ENG"]

1. e4 g6 2. d4 Bg7 3. Nc3 d6 4. Be3 c6 5. Bc4 Nf6 6. Bb3 d5 7. exd5 cxd5 8. Nf3
O-O 9. Qd2 Nc6 10. O-O Bf5 11. Bh6 Rc8 12. Bxg7 Kxg7 13. Rfe1 Ne4 14. Qf4 Nxc3
15. bxc3 Qc7 16. Qh4 Qd6 17. Re3 f6 18. Rae1 Rc7 19. Qg3 Rd8 20. Nh4 Bc8 21. f4
e6 22. Qf2 Ne7 23. g3 Ng8 24. g4 Nh6 25. h3 Nf7 26. Ng2 Qf8 27. Qg3 Re7 28. h4
Nd6 29. Bxd5 Nf5 30. gxf5 Rxd5 31. fxe6 f5 32. Qf3 Qd8 33. Qe2 Rd6 34. Qc4 b6
35. Re5 Bb7 36. Qd3 Bxg2 37. Kxg2 Rdxe6 38. Qf3 Kf6 39. Kh3 Qd7 40. Qa8 Kg7 41.
Qb8 Rxe5 42. Rxe5 Rxe5 43. Qxe5+ Kh6 44. d5 Qb5 45. d6 Qf1+ 46. Kg3 Qg1+ 47.
Kf3 Qf1+ 48. Ke3 Qc1+ 49. Kd4 Qd2+ 50. Kc4 Qxc2 51. Kd5 Qxa2+ 52. Kc6 Qc4+ 53.
Kb7 Qf7+ 54. Kc8 Qf8+ 55. Kc7 1-0

[Event "4NCL/Div3/BRJ vs. WES2"]
[Site "Wokefield Park ENG"]
[Date "2007.03.03"]
[Round "7.5"]
[White "Rabbitt, Michael"]
[Black "Jenks, Bruce"]
[Result "0-1"]
[WhiteElo "2165"]
[BlackElo "2099"]
[PlyCount "64"]
[EventDate "2007.03.03"]
[EventType "team"]
[EventRounds "11"]
[EventCountry "ENG"]

1. d4 Nf6 2. Nf3 c5 3. d5 b5 4. Qd3 Na6 5. e4 c4 6. Qd4 e6 7. d6 Nb4 8. Na3 Qa5
9. Bd2 Qxa3 10. bxa3 Nxc2+ 11. Kd1 Nxd4 12. Nxd4 Nxe4 13. Nxb5 Bxd6 14. f3 Ba6
15. Nxd6+ Nxd6 16. Kc2 f6 17. Rb1 Kf7 18. Rb4 Rhc8 19. Be3 Nf5 20. Bf2 d5 21.
g4 Nd6 22. Be2 e5 23. Rd1 d4 24. Bf1 Rc6 25. Kc1 Rb6 26. Bg2 Rab8 27. Rxb6 Rxb6
28. f4 Bb7 29. fxe5 fxe5 30. Bh3 Be4 31. Kd2 Bd3 32. Bg3 Ne4+ 0-1

[Event "4NCL/Div3/BRJ vs. WES2"]
[Site "Wokefield Park ENG"]
[Date "2007.03.03"]
[Round "7.6"]
[White "Pym, Thomas W"]
[Black "Hall, Daniel J"]
[Result "1-0"]
[WhiteElo "2053"]
[BlackElo "2082"]
[PlyCount "63"]
[EventDate "2007.03.03"]
[EventType "team"]
[EventRounds "11"]
[EventCountry "ENG"]

1. e4 c5 2. Nf3 e6 3. d4 cxd4 4. Nxd4 Nf6 5. Nc3 d6 6. a3 Be7 7. Bc4 Nc6 8. b4
O-O 9. Bb3 e5 10. Nde2 Be6 11. O-O Rc8 12. Bb2 Nd7 13. Nd5 Kh8 14. Ng3 Bxd5 15.
Bxd5 Nb6 16. c4 Nd4 17. Rc1 Nxd5 18. exd5 Bg5 19. f4 Bxf4 20. Rxf4 exf4 21.
Qxd4 f6 22. Qxf4 b5 23. Nf5 bxc4 24. Qg3 g6 25. Nxd6 c3 26. Bxc3 Qb6+ 27. Kh1
Rcd8 28. Ne4 Rxd5 29. Rf1 Rf5 30. Rxf5 gxf5 31. Nxf6 Rxf6 32. Qg5 1-0

[Event "4NCL/Div3/BRJ vs. WES2"]
[Site "Wokefield Park ENG"]
[Date "2007.03.03"]
[Round "7.7"]
[White "Bourne, Johnathan"]
[Black "Gregory, Keith D"]
[Result "0-1"]
[WhiteElo "2086"]
[BlackElo "2077"]
[PlyCount "56"]
[EventDate "2007.03.03"]
[EventType "team"]
[EventRounds "11"]
[EventCountry "ENG"]

1. e4 d6 2. d4 g6 3. Nc3 Bg7 4. Be3 c6 5. Qd2 b5 6. a3 a6 7. Be2 Nd7 8. Nf3 Qc7
9. O-O Ngf6 10. h3 O-O 11. Bh6 e5 12. Bxg7 Kxg7 13. dxe5 dxe5 14. b4 Re8 15.
Rfd1 Bb7 16. a4 Rac8 17. Ne1 Qb6 18. Bd3 Rcd8 19. Qe2 Nf8 20. g3 Qc7 21. axb5
cxb5 22. Na2 Ne6 23. h4 h6 24. Nf3 Nd4 25. Nxd4 exd4 26. c4 bxc4 27. Bxc4 Nxe4
28. Qd3 Nxf2 0-1

[Event "4NCL/Div3/BRJ vs. WES2"]
[Site "Wokefield Park ENG"]
[Date "2007.03.03"]
[Round "7.8"]
[White "Norman, Dinah"]
[Black "Thomas, Nicola D"]
[Result "1-0"]
[WhiteElo "2003"]
[BlackElo "1910"]
[PlyCount "119"]
[EventDate "2007.03.03"]
[EventType "team"]
[EventRounds "11"]
[EventCountry "ENG"]

1. d4 e6 2. e4 d5 3. Nd2 Nf6 4. e5 Nfd7 5. Bd3 c5 6. c3 Nc6 7. Ne2 Qb6 8. Nf3
Be7 9. O-O Nf8 10. a3 cxd4 11. cxd4 Bd7 12. b4 Rc8 13. Bb2 Ng6 14. Rb1 Qd8 15.
Qd2 O-O 16. Bc3 Qe8 17. b5 Nd8 18. a4 f5 19. exf6 gxf6 20. Bb4 Rf7 21. Nf4 Nxf4
22. Qxf4 e5 23. dxe5 fxe5 24. Qxe5 Bxb4 25. Qxe8+ Bxe8 26. Rxb4 Rg7 27. Ne5 Nf7
28. Nxf7 Bxf7 29. Rd4 Rc5 30. Re1 Kf8 31. f4 Rc3 32. Kf2 Ra3 33. g3 Bg8 34. Rc1
Ke8 35. Bf5 Re7 36. Rc2 b6 37. Bg4 Re4 38. Re2 Rxe2+ 39. Bxe2 Ke7 40. h4 Kd6
41. Bd1 Kc5 42. Rd2 d4 43. f5 Bf7 44. h5 h6 45. g4 Kd5 46. Re2 Kd6 47. Rc2 Be8
48. Rc8 Bd7 49. Rh8 Ke5 50. Rxh6 Kf4 51. Rd6 Ra2+ 52. Be2 Be8 53. Rxd4+ Kg5 54.
Kf3 Bxh5 55. gxh5 Kxh5 56. Ke3+ Kg5 57. Bd3 Rh2 58. Rd7 Rh3+ 59. Kd4 Rh4+ 60.
Be4 1-0

[Event "4NCL/Div3/PAP vs. KHE"]
[Site "Wokefield Park ENG"]
[Date "2007.03.03"]
[Round "7.1"]
[White "Summerscale, Aaron"]
[Black "Thomas, Richard H"]
[Result "1-0"]
[WhiteElo "2487"]
[BlackElo "2191"]
[PlyCount "73"]
[EventDate "2007.03.03"]

1. Nf3 g6 2. d4 f5 3. g3 b6 4. Bg2 Bb7 5. O-O Nf6 6. c4 Bg7 7. d5 Na6 8. Nc3
Nc5 9. Be3 c6 10. Bd4 O-O 11. Nd2 Qc7 12. b4 Na6 13. Qb3 c5 14. Bxf6 Bxf6 15.
b5 Bxc3 16. Qxc3 Nb8 17. d6 exd6 18. Bd5+ Bxd5 19. cxd5 a6 20. a4 Re8 21. e4
Nc6 22. bxc6 dxc6 23. exf5 gxf5 24. Qf3 cxd5 25. Qxd5+ Qf7 26. Qxd6 Rad8 27.
Qf4 Rd4 28. Qg5+ Qg6 29. Nf3 Qxg5 30. Nxg5 Re2 31. Rab1 Rb4 32. Kg2 Ra2 33.
Rbd1 h6 34. Nf3 Raxa4 35. Rd7 Ra2 36. Rfd1 Rbb2 37. Rb7 1-0

[Event "4NCL/Div3/PAP vs. KHE"]
[Site "Wokefield Park ENG"]
[Date "2007.03.03"]
[Round "7.2"]
[White "Spivack, Simon"]
[Black "Winkelmann, Elena"]
[Result "1-0"]
[WhiteElo "2206"]
[BlackElo "2075"]
[PlyCount "87"]
[EventDate "2007.03.03"]

1. e4 c5 2. Nf3 e6 3. d3 a6 4. Nbd2 Nc6 5. g3 g6 6. Bg2 Bg7 7. O-O Nge7 8. Re1
d6 9. a4 Rb8 10. c3 b5 11. axb5 axb5 12. Nb3 O-O 13. e5 b4 14. c4 Nxe5 15. Nxe5
Bxe5 16. Nxc5 Bg7 17. Nb3 Bb7 18. Bxb7 Rxb7 19. Qf3 Rb8 20. Ra4 Qc7 21. Ra6 Nf5
22. g4 Nd4 23. Nxd4 Bxd4 24. b3 f5 25. Rxe6 fxg4 26. Qd5 Bxf2+ 27. Kg2 Qf7 28.
Raxd6 Qf3+ 29. Qxf3 Rxf3 30. Re4 Bc5 31. Rd5 Rf2+ 32. Kg3 Rf5 33. Rd7 Rf1 34.
Bh6 Bf8 35. Bf4 Ra8 36. Kxg4 Ra2 37. d4 Rg2+ 38. Bg3 Rb2 39. Re3 Rfb1 40. Rd8
h5+ 41. Kg5 Rxb3 42. Rxb3 Rxb3 43. Bd6 Rf3 44. Bxb4 1-0

[Event "4NCL/Div3/PAP vs. KHE"]
[Site "Wokefield Park ENG"]
[Date "2007.03.03"]
[Round "7.3"]
[White "Forbes, Cathy"]
[Black "Krzywda, Andrzej"]
[Result "1-0"]
[WhiteElo "2098"]
[BlackElo "2197"]
[PlyCount "63"]
[EventDate "2007.03.03"]

1. d4 Nf6 2. c3 d6 3. Bg5 Nc6 4. Nd2 e5 5. Ne4 d5 6. dxe5 Nxe5 7. Bxf6 gxf6 8.
Qxd5 Qe7 9. Nf3 Nxf3+ 10. gxf3 Bg7 11. Rg1 O-O 12. Qh5 Kh8 13. O-O-O Qe6 14.
Kb1 Qe5 15. Rd5 Qxh5 16. Rxh5 Rd8 17. Kc2 Be6 18. b3 a5 19. Bh3 b6 20. Bf5 Bxf5
21. Rxf5 Re8 22. Rd1 Kg8 23. Rd7 Rac8 24. e3 Re6 25. Rfd5 Kf8 26. c4 Ke8 27.
Ng3 Bf8 28. Nf5 c6 29. Rd1 Re5 30. e4 Bc5 31. Rb7 Bxf2 32. Nd6+ 1-0

[Event "4NCL/Div3/PAP vs. KHE"]
[Site "Wokefield Park ENG"]
[Date "2007.03.03"]
[Round "7.4"]
[White "McMichael, Richard"]
[Black "Rutherford, Elaine"]
[Result "1-0"]
[WhiteElo "2263"]
[BlackElo "2091"]
[PlyCount "51"]
[EventDate "2007.03.03"]

1. b3 d5 2. Bb2 Nf6 3. e3 Bg4 4. Be2 Bxe2 5. Qxe2 c6 6. f4 Nbd7 7. Nf3 e6 8.
O-O g6 9. d3 Bg7 10. Nbd2 Qb6 11. Kh1 O-O 12. e4 Nh5 13. Bxg7 Nxf4 14. Qe1 Kxg7
15. Qh4 Nh5 16. g4 Nhf6 17. e5 Ng8 18. Rae1 Qb4 19. Re2 Rae8 20. Rfe1 Nh6 21.
c4 Qc3 22. Re3 Qc2 23. Rf1 Qxa2 24. Ng5 Rh8 25. Rh3 Ng8 26. Qxh7+ 1-0

[Event "4NCL/Div3/PAP vs. KHE"]
[Site "Wokefield Park ENG"]
[Date "2007.03.03"]
[Round "7.5"]
[White "Yurenok, Maria S"]
[Black "Okike, David C"]
[Result "0-1"]
[WhiteElo "2030"]
[BlackElo "2180"]
[PlyCount "44"]
[EventDate "2007.03.03"]

1. d4 Nf6 2. Nf3 e6 3. Bg5 c5 4. e3 Qb6 5. Qc1 d5 6. Nbd2 cxd4 7. exd4 Ne4 8.
c3 Nxg5 9. Nxg5 Be7 10. Ndf3 h6 11. Nxf7 Kxf7 12. Ne5+ Ke8 13. Be2 Rf8 14. Bh5+
Kd8 15. O-O Bd7 16. Ng6 Rf6 17. Nf4 Bd6 18. Nd3 Nc6 19. Re1 Rc8 20. Bg4 Nxd4
21. Qd2 Nc6 22. Rad1 Kc7 0-1

[Event "4NCL/Div3/PAP vs. KHE"]
[Site "Wokefield Park ENG"]
[Date "2007.03.03"]
[Round "7.6"]
[White "O'Shaughnessy, Conor"]
[Black "Kieran, Rosalind A"]
[Result "1-0"]
[WhiteElo "2201"]
[BlackElo "2048"]
[PlyCount "51"]
[EventDate "2007.03.03"]

1. e4 c5 2. Nf3 d6 3. Bb5+ Bd7 4. Bxd7+ Qxd7 5. O-O Nf6 6. Qe2 Nc6 7. c3 e6 8.
Rd1 d5 9. e5 Ng8 10. d4 cxd4 11. Nxd4 Nge7 12. Bg5 Rc8 13. Na3 Na5 14. Nab5
Nec6 15. Nxc6 bxc6 16. Nd4 c5 17. Nf3 Rb8 18. h4 h6 19. Bf4 Qa4 20. b3 Qxf4 21.
Qa6 g5 22. Qxa7 Nc6 23. Qc7 gxh4 24. Qxc6+ Kd8 25. Rxd5+ exd5 26. Rd1 1-0

[Event "4NCL/Div3/PAP vs. KHE"]
[Site "Wokefield Park ENG"]
[Date "2007.03.03"]
[Round "7.7"]
[White "Summerscale, Claire E"]
[Black "Ward, Julian T"]
[Result "0-1"]
[WhiteElo "2027"]
[BlackElo "2200"]
[PlyCount "40"]
[EventDate "2007.03.03"]

1. d4 Nf6 2. Nc3 d5 3. Bg5 e6 4. e4 dxe4 5. Nxe4 Be7 6. Bxf6 gxf6 7. c3 c6 8.
Nf3 Nd7 9. Bd3 Qc7 10. Qd2 h5 11. h4 b6 12. O-O-O Bb7 13. Kb1 O-O-O 14. Qe2 Kb8
15. Nfd2 Rdg8 16. Rdg1 f5 17. Ng3 Bd6 18. Ngf1 c5 19. dxc5 Nxc5 20. Nf3 Nxd3
0-1

[Event "4NCL/Div3/PAP vs. KHE"]
[Site "Wokefield Park ENG"]
[Date "2007.03.03"]
[Round "7.8"]
[White "Connolly, Suzanne"]
[Black "Thilaganathan, Jessica"]
[Result "1/2-1/2"]
[WhiteElo "2014"]
[BlackElo "1880"]
[PlyCount "61"]
[EventDate "2007.03.03"]

1. e4 e6 2. d4 d5 3. Nd2 dxe4 4. Nxe4 Bd7 5. Bd3 Bc6 6. Nf3 Nd7 7. O-O Ngf6 8.
Qe2 Be7 9. c3 Nxe4 10. Bxe4 Bxe4 11. Qxe4 c6 12. Qg4 Bf6 13. Qe4 Nb6 14. Bf4
Nc4 15. Qe2 Nd6 16. Rfd1 O-O 17. Rd2 Qe7 18. c4 Rfd8 19. Re1 Nf5 20. Red1 Nh4
21. Nxh4 Bxh4 22. h3 Bg5 23. Qg4 Bxf4 24. Qxf4 Rd7 25. Qe4 Rad8 26. Qe3 h6 27.
a3 a6 28. Kf1 Kf8 29. Ke1 Qg5 30. Qxg5 hxg5 31. Rd3 1/2-1/2

[Event "4NCL/Div3/BRI2 vs. SWD2"]
[Site "Wokefield Park ENG"]
[Date "2007.03.03"]
[Round "7.1"]
[White "Dilleigh, Stephen P"]
[Black "Spice, Alan"]
[Result "1-0"]
[WhiteElo "2125"]
[BlackElo "2185"]
[PlyCount "63"]
[EventDate "2007.03.03"]
[EventType "team"]
[EventRounds "11"]
[EventCountry "ENG"]

1. d4 d5 2. c4 e5 3. dxe5 d4 4. Nf3 Nc6 5. g3 Be6 6. Nbd2 Qd7 7. Bg2 O-O-O 8.
O-O h5 9. h4 Nh6 10. Qa4 Ng4 11. Ne4 Kb8 12. Bf4 d3 13. exd3 Ncxe5 14. Qxd7
Nxf3+ 15. Bxf3 Rxd7 16. Be2 f6 17. Rfd1 Bf5 18. f3 Bxe4 19. dxe4 Bc5+ 20. Kg2
Ne3+ 21. Bxe3 Rxd1 22. Rxd1 Bxe3 23. f4 Kc8 24. Bf3 g6 25. b3 b6 26. e5 f5 27.
Bd5 Rh7 28. Be6+ Kb7 29. Rd7 Rxd7 30. Bxd7 c5 31. Be8 g5 32. hxg5 1-0

[Event "4NCL/Div3/BRI2 vs. SWD2"]
[Site "Wokefield Park ENG"]
[Date "2007.03.03"]
[Round "7.2"]
[White "Rees, Gwynfor"]
[Black "Curtis, John"]
[Result "1/2-1/2"]
[WhiteElo "2167"]
[BlackElo "2127"]
[PlyCount "71"]
[EventDate "2007.03.03"]
[EventType "team"]
[EventRounds "11"]
[EventCountry "ENG"]

1. d4 Nf6 2. Nf3 c5 3. d5 d6 4. c4 e5 5. g3 Be7 6. Bg2 O-O 7. O-O Ne8 8. Ne1 f5
9. a3 Nd7 10. Nd3 e4 11. Nf4 Ne5 12. b3 Nc7 13. f3 exf3 14. exf3 Rb8 15. a4 b6
16. Ra2 g6 17. Re2 Bf6 18. Rfe1 Re8 19. Bb2 Kf7 20. Nc3 a6 21. Qd2 Re7 22. Ne6
Nxe6 23. dxe6+ Bxe6 24. f4 Nd7 25. Nd5 Re8 26. Nxf6 Nxf6 27. Bxf6 Qxf6 28. Qxd6
Qe7 29. Qe5 Qf6 30. Qd6 Qd8 31. Qe5 Qf6 32. Qc7+ Qe7 33. Qc6 Qd7 34. Qxd7+ Bxd7
35. Bd5+ Kf6 36. Kf2 1/2-1/2

[Event "4NCL/Div3/BRI2 vs. SWD2"]
[Site "Wokefield Park ENG"]
[Date "2007.03.03"]
[Round "7.3"]
[White "Easton, Alex"]
[Black "Morris, Gareth L"]
[Result "1/2-1/2"]
[WhiteElo "2137"]
[BlackElo "2132"]
[PlyCount "107"]
[EventDate "2007.03.03"]
[EventType "team"]
[EventRounds "11"]
[EventCountry "ENG"]

1. Nf3 Nf6 2. c4 d6 3. d4 Nbd7 4. Nc3 e5 5. e4 Be7 6. Be2 c6 7. O-O O-O 8. Qc2
Re8 9. Rd1 Qc7 10. Be3 Ng4 11. Bc1 Nf8 12. h3 Nf6 13. Be3 Ng6 14. Rac1 h6 15.
b4 Bf8 16. b5 Nf4 17. Bf1 g5 18. c5 exd4 19. Bxd4 N6h5 20. bxc6 dxc5 21. Nb5
Qxc6 22. Bxc5 Bxc5 23. Qxc5 Qxc5 24. Rxc5 Ne6 25. Rcc1 a6 26. Nd6 Rd8 27. Nf5
Kh7 28. Ne5 Rxd1 29. Rxd1 f6 30. Ng4 b5 31. Ngxh6 Ra7 32. Rd6 Rc7 33. Ng4 Kg6
34. f3 Nc5 35. Rd8 Bxf5 36. exf5+ Kxf5 37. Ne3+ Ke6 38. Kf2 Rd7 39. Rc8 Na4 40.
Rc6+ Rd6 41. Rc2 f5 42. g4 fxg4 43. hxg4 Nf4 44. Nf5 Rb6 45. Rc8 Ke5 46. Ng3 b4
47. Ne4 Ne6 48. Bc4 Nc3 49. Nxc3 bxc3 50. Bxe6 Rb2+ 51. Kg3 Kxe6 52. Rxc3 Rxa2
53. Rc5 Kf6 54. Rc6+ 1/2-1/2

[Event "4NCL/Div3/BRI2 vs. SWD2"]
[Site "Wokefield Park ENG"]
[Date "2007.03.03"]
[Round "7.4"]
[White "Bennion, David A"]
[Black "Humphreys, Jerry"]
[Result "0-1"]
[WhiteElo "2106"]
[BlackElo "2102"]
[PlyCount "54"]
[EventDate "2007.03.03"]
[EventType "team"]
[EventRounds "11"]
[EventCountry "ENG"]

1. e4 c5 2. Nf3 e6 3. d4 cxd4 4. Nxd4 Nf6 5. Nc3 d6 6. g4 h6 7. h4 Nc6 8. Be3
a6 9. Rg1 h5 10. g5 Ng4 11. g6 fxg6 12. Bg5 Qb6 13. Be3 Nxe3 14. fxe3 Be7 15.
Qd3 Ne5 16. Qd1 Bxh4+ 17. Kd2 O-O 18. Na4 Qa5+ 19. Nc3 Bd7 20. Be2 Rac8 21. Nf3
Rxf3 22. Bxf3 Rxc3 23. bxc3 Nc4+ 24. Ke2 Bb5 25. a4 Qxc3 26. Qd3 Ne5 27. axb5
Nxd3 0-1

[Event "4NCL/Div3/BRI2 vs. SWD2"]
[Site "Wokefield Park ENG"]
[Date "2007.03.03"]
[Round "7.5"]
[White "Lawson, James C"]
[Black "Burton, Graham P"]
[Result "1/2-1/2"]
[WhiteElo "2056"]
[BlackElo "2115"]
[PlyCount "52"]
[EventDate "2007.03.03"]
[EventType "team"]
[EventRounds "11"]
[EventCountry "ENG"]

1. e4 c5 2. Nf3 e6 3. d4 cxd4 4. Nxd4 Nc6 5. Nb3 a6 6. c4 Nf6 7. Nc3 d6 8. Be2
Be7 9. Be3 O-O 10. Qd2 Qc7 11. f4 b6 12. Rc1 Bb7 13. Bd3 Rac8 14. a3 Na5 15.
Nxa5 bxa5 16. h3 d5 17. cxd5 exd5 18. O-O dxe4 19. Nxe4 Qd8 20. Rxc8 Qxc8 21.
Rc1 Nxe4 22. Rxc8 Nxd2 23. Rc7 Be4 24. Rxe7 Nf3+ 25. Kf2 Bxd3 26. Kxf3 a4
1/2-1/2

[Event "4NCL/Div3/BRI2 vs. SWD2"]
[Site "Wokefield Park ENG"]
[Date "2007.03.03"]
[Round "7.6"]
[White "Brown, Alan M"]
[Black "Hunt-Grubbe, Henry"]
[Result "1-0"]
[WhiteElo "2121"]
[BlackElo "2010"]
[PlyCount "103"]
[EventDate "2007.03.03"]
[EventType "team"]
[EventRounds "11"]
[EventCountry "ENG"]

1. d4 e6 2. c4 f5 3. Nc3 Nf6 4. Bg5 Bb4 5. Rc1 O-O 6. e3 Qe8 7. Bxf6 Rxf6 8.
Nf3 b6 9. Be2 Bb7 10. O-O Bxc3 11. Rxc3 d6 12. Nd2 Nd7 13. Bf3 Bxf3 14. Nxf3 a5
15. Re1 Rh6 16. e4 fxe4 17. Rxe4 Rf6 18. Rce3 h6 19. h3 Qf7 20. Qe2 Re8 21. Nh2
Nf8 22. Ng4 Rf4 23. Rg3 Kh8 24. Rxf4 Qxf4 25. Qe3 Qxe3 26. Nxe3 Nd7 27. Rf3 Kg8
28. Nc2 e5 29. dxe5 Rxe5 30. Kf1 Nf6 31. Ne3 Re4 32. Ke2 Kf8 33. Kd3 Re7 34.
Nf5 Rf7 35. Nd4 Ne8 36. Ke3 Ke7 37. Nc6+ Kf8 38. Rxf7+ Kxf7 39. Kf4 Nf6 40. Nd4
d5 41. cxd5 Nxd5+ 42. Ke4 Ne7 43. Nb5 c6 44. Nd4 Kf6 45. g4 g6 46. f4 c5 47.
Nc2 h5 48. Ne3 hxg4 49. hxg4 Ke6 50. Nc4 Nd5 51. f5+ gxf5+ 52. gxf5+ 1-0

[Event "4NCL/Div3/BRI2 vs. SWD2"]
[Site "Wokefield Park ENG"]
[Date "2007.03.03"]
[Round "7.7"]
[White "Papier, Alan"]
[Black "van Kemenade, Rudy"]
[Result "0-1"]
[WhiteElo "1850"]
[BlackElo "2048"]
[PlyCount "52"]
[EventDate "2007.03.03"]
[EventType "team"]
[EventRounds "11"]
[EventCountry "ENG"]

1. d4 Nf6 2. Nf3 g6 3. c4 Bg7 4. Nc3 O-O 5. e4 d6 6. Be2 Bg4 7. h3 Bxf3 8. Bxf3
Nfd7 9. Be3 e5 10. d5 a5 11. Qc2 Na6 12. a3 f5 13. exf5 gxf5 14. O-O Qh4 15. b3
e4 16. Be2 f4 17. Bd2 f3 18. gxf3 exf3 19. Bd3 Qxh3 20. Bxh7+ Kh8 21. Qg6 Rf6
22. Qg3 Qxh7 23. Ne4 Qxe4 24. Rae1 Qg6 25. Bg5 Rf5 26. Qh4+ Kg8 0-1

[Event "4NCL/Div3/BRI2 vs. SWD2"]
[Site "Wokefield Park ENG"]
[Date "2007.03.03"]
[Round "7.8"]
[White "Blackburn, Suzie"]
[Black "Owens, Megan"]
[Result "1-0"]
[WhiteElo "1859"]
[BlackElo "1760"]
[PlyCount "115"]
[EventDate "2007.03.03"]
[EventType "team"]
[EventRounds "11"]
[EventCountry "ENG"]

1. d4 Nf6 2. Nf3 g6 3. Bg5 Bg7 4. Nbd2 d5 5. e3 O-O 6. Bd3 Nbd7 7. O-O c5 8. c3
Qb6 9. b3 cxd4 10. cxd4 h6 11. Bh4 Re8 12. Rc1 Nb8 13. Ne5 Be6 14. f4 Nbd7 15.
Qf3 Nh7 16. Nxd7 Bxd7 17. Qxd5 Bc6 18. Qc4 e6 19. Ne4 Bd5 20. Qc7 Bxe4 21. Qxb6
axb6 22. Bxe4 Rxa2 23. Bxb7 Rb2 24. Rc3 g5 25. fxg5 hxg5 26. Bg3 f5 27. Bc7 f4
28. Bc6 Rc8 29. Bd7 fxe3 30. Bxc8 e2 31. Bxe6+ Kh8 32. Bxb6 exf1=Q+ 33. Kxf1
Nf6 34. Rh3+ Bh6 35. Rxh6+ Kg7 36. Rh3 Rb1+ 37. Ke2 Rb2+ 38. Kf3 g4+ 39. Bxg4
Rxb3+ 40. Kf4 Rxb6 41. Bf5 Rb2 42. Rg3+ Kf7 43. Bg6+ Ke7 44. Kf5 Rb5+ 45. Kf4
Nd5+ 46. Ke4 Nf6+ 47. Kf4 Nd5+ 48. Kg5 Nf6+ 49. Kh6 Rb8 50. Re3+ Kd6 51. Kg5
Nd5 52. Re8 Rb5 53. Bd3 Ra5 54. Re5 Ra4 55. Re4 Ra5 56. Kg6 Ne7+ 57. Kf7 Ra7
58. Re6+ 1-0